Lecciones de derecho penal chileno. (Registro nro. 158579)

Detalles MARC
000 -LEADER
fixed length control field 01226ny a22002773n 4500
008 - FIXED-LENGTH DATA ELEMENTS--GENERAL INFORMATION
fixed length control field 100325s2009 cl b 000 0 spa d
020 ## - INTERNATIONAL STANDARD BOOK NUMBER
International Standard Book Number 6077877034
035 ## -
-- 4726
040 ## - CATALOGING SOURCE
Original cataloging agency FML
Transcribing agency FML
Modifying agency vLex
090 ## -
-- 38
-- 38
100 1# - MAIN ENTRY--PERSONAL NAME
Personal name Politoff Lifschitz, Sergio
245 10 - TITLE STATEMENT
Title Lecciones de derecho penal chileno.
Medium [Recurso electrónico]
Statement of responsibility, etc Sergio Politoff L., Jean Pierre Matus A., María Cecilia Ramírez G.
Remainder of title Parte especial
256 ## -
-- Servicio en línea
260 ## - PUBLICATION, DISTRIBUTION, ETC. (IMPRINT)
Place of publication, distribution, etc Santiago, Chile :
Name of publisher, distributor, etc Editorial Jurídica de Chile,
Date of publication, distribution, etc 2009
300 ## - PHYSICAL DESCRIPTION
Extent p. ;
Dimensions cm
505 0# - FORMATTED CONTENTS NOTE
Formatted contents note I.Parte general -- II. Parte especial
506 1# - RESTRICTIONS ON ACCESS NOTE
Terms governing access Contenido solo disponible en los productos indicados
Authorized users vLex Global
-- vLex Global (Academic Edition, excluding Law Schools)
-- vLex Global (U.S. Academic Edition, Law Schools)
-- vLex Global (U.S. Academic Edition, excluding Law Schools)
-- vLex Global (Academic Edition, Law Schools)
650 04 - SUBJECT ADDED ENTRY--TOPICAL TERM
Topical term or geographic name as entry element Criminología
Geographic subdivision Chile
General subdivision Legislación
650 04 - SUBJECT ADDED ENTRY--TOPICAL TERM
Topical term or geographic name as entry element Derecho penal
Geographic subdivision Chile
Chronological subdivision Legislación
700 1# - ADDED ENTRY--PERSONAL NAME
Personal name Matus, Jean Pierre
700 1# - ADDED ENTRY--PERSONAL NAME
Personal name Ramírez G., María Cecilia
740 0# -
-- vLex Libros (Servicios en línea)
856 ## - LOCALIZACIÓN Y ACCESO ELECTRÓNICO
Identificador Uniforme del Recurso (URI/URL) https://app.vlex.com/#/sources/4726
942 ## -
-- RAA
999 ## -
-- 158579
-- 158579

No hay ítems disponibles.


CONTACTO


NOSOTROS


SITIOS DE INTERES

coordinacion.biblioteca.biblioteca@unienlinea.mx Misión, Visión y Objetivos Bases de datos
Directorio Bibliotecas Digitales y Repositorios
Normatividad Revistas y artículos
Convenios interbibliotecarios
Boletines



Hecho en México. Universidad Insurgentes (UIN). Todos los derechos reservados 2024. Esta página y sus contenidos pueden ser reproducidos con fines no lucrativos, siempre y cuando no se mutile, se cite la fuente completa y su dirección electrónicas. De otra forma requiere permiso previo por escrito de la institución




2024 Copyright Universidad Insurgentes | www.bibliouin.com.mx